History of English : a resource book for students (Record no. 205415)

MARC details
000 -LEADER
fixed length control field 00643nam a2200205Ia 4500
008 - FIXED-LENGTH DATA ELEMENTS--GENERAL INFORMATION
fixed length control field 191130s2009##################000#0#eng##
020 ## - INTERNATIONAL STANDARD BOOK NUMBER
ISBN 9780415444309
082 ## - DEWEY DECIMAL CLASSIFICATION NUMBER
Classification number 420.9 MCI
100 ## - MAIN ENTRY--AUTHOR NAME
Personal name McIntyre, Dan
245 ## - TITLE STATEMENT
Title History of English : a resource book for students
Statement of responsibility, etc Dan McIntyre
260 ## - PUBLICATION, DISTRIBUTION, ETC. (IMPRINT)
Place of publication London ; New York
Name of publisher Routledge
Year of publication 2009
300 ## - PHYSICAL DESCRIPTION
Number of Pages xiv, 209 p. : ill., maps ; 26 cm
500 ## - GENERAL NOTE
General note Includes bibliographical references (p. [193]-200) and index
650 ## - SUBJECT ADDED ENTRY--TOPICAL TERM
Topical Term English language - History
991 ## -
-- 419687
Holdings
Withdrawn status Lost status Damaged status Not for loan Home library Current library Shelving location Date acquired Full call number Accession Number Price effective from Koha item type
        Anna Centenary Library Anna Centenary Library 4TH FLOOR, B WING 13.10.2020 420.9 MCI 148671 13.10.2020 English Books

Find us on the map